| 000 | 01224nam a22002177a 4500 | ||
|---|---|---|---|
| 999 |
_c63567 _d63567 |
||
| 003 | Ge_BSU | ||
| 005 | 20251103143241.0 | ||
| 008 | 251103s1982 ge ||||| |||| 00| 0 geo d | ||
| 041 | _ageo | ||
| 080 | _a911.3:33(479.22)(075.3) ჯ-23 | ||
| 100 |
_aჯაოშვილი, ვ.შ. _926145 |
||
| 245 |
_aსაქართველოს სსრ ეკონომიკური გეოგრაფია : _bსაშ. სკოლის მე-8 კლასის სახელმძღვ. / _cვ.შ. ჯაოშვილი, რ.ი. კვერენჩხილაძე, ე.დ. კობახიძე. |
||
| 250 | _aმე-5 გამოცება | ||
| 264 |
_aთბ. : _bგანათლება, _c1982. |
||
| 300 |
_a106 გვ. : _b ილ. ; _c22 სმ. |
||
| 653 | _aსაქართველოს ეკონომიკური გეოგრაფია | ||
| 653 | _a სახელმძღვანელოები საშუალო სკოლებისათვის | ||
| 700 |
_aკვერენჩხილაძე, რ.ი. _eავტორი _926146 |
||
| 700 |
_aკობახიძე, ე.დ. _eავტორი _926147 |
||
| 942 |
_2udc _cBK |
||